Act of creation : (Record no. 957)

000 -LEADER
fixed length control field 02027nam a22003617a 4500
001 - CONTROL NUMBER
control field 13251089
003 - CONTROL NUMBER IDENTIFIER
control field OSt
005 - DATE AND TIME OF LATEST TRANSACTION
control field 20210426111320.0
008 - FIXED-LENGTH DATA ELEMENTS--GENERAL INFORMATION
fixed length control field 030624s2003 coua b 001 0 eng
010 ## - LIBRARY OF CONGRESS CONTROL NUMBER
LC control number 2003014600
020 ## - INTERNATIONAL STANDARD BOOK NUMBER
International Standard Book Number 0813333245 (hbk. : alk. paper)
020 ## - INTERNATIONAL STANDARD BOOK NUMBER
International Standard Book Number 9780813332758
040 ## - CATALOGING SOURCE
Original cataloging agency DLC
Transcribing agency DLC
Modifying agency DLC
042 ## - AUTHENTICATION CODE
Authentication code pcc
050 00 - LIBRARY OF CONGRESS CALL NUMBER
Classification number JZ4986
Item number .S358 2003
080 ## - UNIVERSAL DECIMAL CLASSIFICATION NUMBER
Universal Decimal Classification number 32
Item number S-33
082 00 - DEWEY DECIMAL CLASSIFICATION NUMBER
Classification number 341.23/09/044
Edition number 21
100 1# - MAIN ENTRY--PERSONAL NAME
Personal name Schlesinger, Stephen C.
245 10 - TITLE STATEMENT
Title Act of creation :
Remainder of title the founding of the United Nations : a story of superpowers, secret agents, wartime allies and enemies, and their quest for a peaceful world /
Statement of responsibility, etc. Stephen C. Schlesinger.
260 ## - PUBLICATION, DISTRIBUTION, ETC.
Place of publication, distribution, etc. Boulder, Colo. :
Name of publisher, distributor, etc. Westview Press,
Date of publication, distribution, etc. c2003.
300 ## - PHYSICAL DESCRIPTION
Extent xviii, 374 p. :
Other physical details ill. ;
Dimensions 25 cm.
504 ## - BIBLIOGRAPHY, ETC. NOTE
Bibliography, etc. note Includes bibliographical references (p. 349-355) and index.
505 0# - FORMATTED CONTENTS NOTE
Formatted contents note The takeover -- The League follies : Wilson and Roosevelt -- The unlikely pilgrimage of Leo Pasvolsky -- Yalta and aftermath : Roosevelt's last acts -- Truman and Stettinius : the awkward alliance -- Secret agents, big powers -- Americanizing the conference -- The bitter trade-off -- Full-court press -- The amendment marathon -- Rockefeller's bounty : the regional option -- The twenty-three questions -- The mission to Moscow -- The final battles -- The fall of Stettinius -- The ratification story.
610 20 - SUBJECT ADDED ENTRY--CORPORATE NAME
Corporate name or jurisdiction name as entry element United Nations
General subdivision History.
653 ## - INDEX TERM--UNCONTROLLED
Uncontrolled term პოლიტიკა
856 41 - ELECTRONIC LOCATION AND ACCESS
Materials specified Table of contents
Uniform Resource Identifier <a href="http://www.loc.gov/catdir/toc/ecip046/2003014600.html">http://www.loc.gov/catdir/toc/ecip046/2003014600.html</a>
856 42 - ELECTRONIC LOCATION AND ACCESS
Materials specified Book review (H-Net)
Uniform Resource Identifier <a href="http://www.h-net.org/review/hrev-a0e3w5-aa">http://www.h-net.org/review/hrev-a0e3w5-aa</a>
856 42 - ELECTRONIC LOCATION AND ACCESS
Materials specified Contributor biographical information
Uniform Resource Identifier <a href="http://www.loc.gov/catdir/enhancements/fy0833/2003014600-b.html">http://www.loc.gov/catdir/enhancements/fy0833/2003014600-b.html</a>
856 42 - ELECTRONIC LOCATION AND ACCESS
Materials specified Publisher description
Uniform Resource Identifier <a href="http://www.loc.gov/catdir/enhancements/fy0833/2003014600-d.html">http://www.loc.gov/catdir/enhancements/fy0833/2003014600-d.html</a>
906 ## - LOCAL DATA ELEMENT F, LDF (RLIN)
a 7
b cbc
c orignew
d 1
e ecip
f 20
g y-gencatlg
942 ## - ADDED ENTRY ELEMENTS (KOHA)
Source of classification or shelving scheme
Koha item type Books
Holdings
Withdrawn status Lost status Source of classification or shelving scheme Damaged status Not for loan Permanent location Current location Date acquired Inventory number Total Checkouts Full call number Barcode Date last seen Price effective from Koha item type
          Ken Walker International University Ken Walker International University 01/27/2021 2439   32 S-33 2439 01/27/2021 01/27/2021 Books

Powered by Koha